Hướng dẫn thiết kế nhà ở riêng lẻ theo tiêu chí kiến trúc xanh tại Hà Nội

Tài liệu gồm 3 phần: Phần mở đầu, phần hướng dẫn thiết kế và Ứng dụng công nghệ tính toán nghiên cứu thiết kế công trình xanh tại Hà Nội; TM tài liệu tham khảo tr.139-141

Gardado en:
Detalles Bibliográficos
Autor Principal: Lê, Thị Bích Thuận
Outros autores: Nguyễn, Ngọc Tú
Formato: Libro
Idioma:Undetermined
Publicado: H. Xây dựng 2015
Những chủ đề:
Acceso en liña:http://lrc.tdmu.edu.vn/opac/search/detail.asp?aID=2&ID=24901
Các nhãn: Engadir etiqueta
Sen Etiquetas, Sexa o primeiro en etiquetar este rexistro!
Thư viện lưu trữ: Trung tâm Học liệu Trường Đại học Thủ Dầu Một
LEADER 01166nam a2200217Ia 4500
001 TDMU_24901
008 210410s9999 xx 000 0 und d
082 |a 728.370286 59731 
090 |b L250 
100 |a Lê, Thị Bích Thuận 
245 0 |a Hướng dẫn thiết kế nhà ở riêng lẻ theo tiêu chí kiến trúc xanh tại Hà Nội 
245 0 |c Lê Thị Bích Thuận, Nguyễn Ngọc Tú (chủ biên) 
260 |a H. 
260 |b Xây dựng 
260 |c 2015 
300 |a 143tr. 
520 |a Tài liệu gồm 3 phần: Phần mở đầu, phần hướng dẫn thiết kế và Ứng dụng công nghệ tính toán nghiên cứu thiết kế công trình xanh tại Hà Nội; TM tài liệu tham khảo tr.139-141 
650 |a Nhà ở riêng lẻ  |x Thiết kế; Kiến trúc  |x Nhà ở  |x Ứng dụng thiết kế công trình xanh  |z Hà Nội 
700 |a Nguyễn, Ngọc Tú 
856 |u http://lrc.tdmu.edu.vn/opac/search/detail.asp?aID=2&ID=24901 
980 |a Trung tâm Học liệu Trường Đại học Thủ Dầu Một